Pays vainqueur de l'euro de football masculin - Statistiques

Statistiques générales
  • Ce quiz a été pris 2 475 fois
  • Le résultat moyen est 13 sur 15
Statistiques - réponses
Hint Réponse % Correct
1964 Espagne
99%
2008 Espagne
99%
2012 Espagne
99%
1984 France
99%
2000 France
99%
2016 Portugal
99%
1996 Allemagne
97%
1968 Italie
97%
1972 Allemagne de l'ouest
96%
1980 Allemagne de l'ouest
96%
2004 Grèce
85%
1988 Pays-bas
78%
1992 Danemark
67%
1960 URSS
56%
1976 Tchecoslovaquie
40%
Aucun quiz correspondant
Distribution des résultats
% des personnes avec chaque résultat
Percentile par nombre de réponses
Votre historique - résultats
Vous n’avez pas pris ce quiz